000 00772nam a22002537a 4500
001 92002
003 UA-OsUOA
005 20260304153535.0
007 ta
008 20121210b un ||||| |||| 00| 0 ukr d
020 _a5777505147
040 _aUA-OsUOA
_bukr
_cUA-OsUOA
_dUA-OsUOA
041 _aukr
080 _a821.161.2
090 _a821.161.2
_bШ37
100 _aШевель М.
_924254
245 _aУв'язнена юність
_bповість-сповідь
_cМихайло Шевель
260 _aДніпропетровськ
_bСіч
_c1993
300 _a143 с.
650 7 _a821.161.2 Українська література
_2UDC
_915
942 _cBK
_2udc
955 _a3
999 _c378188
_d378188